000 01199njm a22002897a 4500
005 20100914112124.0
006 a|||||r|||||00| 0
007 sd ammalaaahaa
008 100909t xxu||||| |||| 00| 0 eng d
028 _a45N 14030
_bEMI
035 _aGR-02275
040 _aSED
_cSED
100 _917690
_aKishore Kumar
245 _aNamak Haraam /
_cby R.S.J Productions ; sung by Kishore Kumar; Music by R.D. Burman; Lyric by Anand Bakshi
_h[Sound Recording] :
246 _aनमक हराम /
260 _aDum Dum, India
_bEMI
_c1973
300 _a1 sound disc (Gramophone Recording)
_banalog, 45 rpm
_c7.5 in. (SP)
_fGramophone Record
500 _aBrief Record
500 _aRecords Labels :EMI,RED
505 _aSide1 मैं शाहिर बदनाम (Main Shahir Badnaam) (Kishore Kumar) Side 2 सूनी रे सेजरिये (Sooni re Sejariye ) (Asha Bhosle [and] Usha Mangeshkar) .
600 _aKishore Kumar
_919802
650 _aFilm Songs
_xExcerpts
_zIndia
_917691
700 _aBurman,R.D.
_919192
700 _aBakshi,Anand
_919906
942 _2ddc
_cGR
999 _c45605
_d45605